Η καταγωγή της σύγχρονης επιστήμης, (1300-1800)
Αποθηκεύτηκε σε:
| Κύριος συγγραφέας: | |
|---|---|
| Μορφή: | Βιβλίο |
| Γλώσσα: | Greek English |
| Δημοσίευση: |
Αθήνα :
Μορφωτικό Ίδρυμα Εθνικής Τραπέζης,
1994.
|
| Έκδοση: | 3η έκδ. |
| Σειρά: | Ιστορία της επιστήμης (Μορφωτικό Ίδρυμα Εθνικής Τραπέζης)
|
| Θέματα: | |
| Ετικέτες: |
Προσθήκη ετικέτας
Δεν υπάρχουν, Καταχωρήστε ετικέτα πρώτοι!
|
MARC
| LEADER | 00000cam a2200000 i 4500 | ||
|---|---|---|---|
| 001 | 1/88630 | ||
| 008 | 980401s1994 gr | ||| |||| ||gre|| | ||
| 020 | |a 9602501022 | ||
| 035 | |a 1998 |b 1 |c ΚΠΣ/Δημοτικής Εκπαίδευσης |l 10035549 | ||
| 040 | |a GR-MyUa |b gre |e AACR2 | ||
| 041 | 1 | |a gre |h eng | |
| 082 | 7 | |a 509 |2 (22) | |
| 100 | 1 | |a Butterfield, Herbert, |d 1900-1979. | |
| 245 | 1 | 2 | |a Η καταγωγή της σύγχρονης επιστήμης, (1300-1800) / |c Herbert Butterfield ; μετάφραση Ιορδάνης Αρζόγλου, Αντώνης Χριστοδουλίδης. |
| 250 | |a 3η έκδ. | ||
| 260 | |a Αθήνα : |b Μορφωτικό Ίδρυμα Εθνικής Τραπέζης, |c 1994. | ||
| 300 | |a 237 σ. ; |c 24 εκ. | ||
| 490 | 1 | |a (Ιστορία της επιστήμης / Μορφωτικό Ίδρυμα Εθνικής Τραπέζης) | |
| 500 | |a Τίτλος πρωτοτύπου: The origins of modern science, 1300-1800. | ||
| 500 | |a Το Παράρτημα Λέσβου διαθέτει την 3η ανατύπωση, 2005. | ||
| 500 | |a Το Παράρτημα Σάμου διαθέτει την 3η ανατύπωση, 2005. | ||
| 504 | |a Βιβλιογραφία: σ. 231-233. Ευρετήριο. | ||
| 650 | 0 | |a Science |x History. | |
| 650 | 0 | |a Science |x Philosophy. | |
| 830 | 0 | |a Ιστορία της επιστήμης (Μορφωτικό Ίδρυμα Εθνικής Τραπέζης) | |
| 852 | |a INST |b LESVOS |e 20080124 |h 509 BUT |p 005100040187 |q 005100040187 |t BK |y 0 | ||
| 852 | |a INST |b LESVOS |e 20081215 |h 509 BUT |p 005100044105 |q 005100044105 |t BK |y 0 | ||
| 852 | |a INST |b LESVOS |e 20110725 |h 509 BUT |p 005100050133 |q 005100050133 |t BK |y 0 | ||
| 852 | |a INST |b LESVOS |e 20110725 |h 509 BUT |p 005100050134 |q 005100050134 |t BK |y 0 | ||
| 852 | |a INST |b LESVOS |e 20120111 |h 509 BUT |p 005100050843 |q 005100050843 |t BK |y 0 | ||
| 852 | |a INST |b RHODES |e 19980401 |h 509 BUT |p 005400010809 |q 005400010809 |t BK |y 0 | ||
| 852 | |a INST |b SAMOS |e 20110907 |h 509 BUT |p 005300032554 |q 005300032554 |t BK |y 0 | ||
| 852 | |a INST |b SYROS |c EUDOXUS |e 20130423 |h 509 BUT |p 005500010674 |q 005500010674 |t EDX |y 0 | ||
| 901 | |a BIBL5-2013-1 | ||
| 901 | |a BIBL3-2011-3 | ||
| 901 | |a BIBL-1998-1 | ||
| 901 | |a BIBL1-2011-2 | ||
| 901 | |a BIBL1-2008-1 | ||
| 901 | |a BIBL1-2008-3 | ||
| 920 | |a Εύδοξος |b Παραγγελία |y Σύρος-ΤΜΣΠΣ |z 2013-04 | ||
| 922 | |a 1ΕΛΗ |b 200711 |c ΕΠΕΑΕΚ2/ΤΠ |d Σ. ΠΑΤΑΚΗΣ | ||
| 970 | |a Κοντού |b Παρασκευή |z 23/04/2013 | ||